000 00437nam a22001817a 4500
003 MPLRDC
005 20220104125736.0
008 210129b ||||| |||| 00| 0 eng d
082 _a179 QYBL
100 _a浅野八郎
245 _a立体思考法
_c左秀灵译
250 _a六版
260 _a
_b希代书版有限公司
_c1976
300 _b
490 _a精致文库
650 _a心理测验
942 _cBK
_o179 QYBL
999 _c29775
_d29765